000 01144cam a2200241 i 4500
999 _c57389
_d57389
001 19400685
005 20221107171351.0
008 161206t20182018maua 001 0 eng
020 _a9781284104493 X
041 _aeng
080 _a575.8 K-82
100 1 _aKrebs, Jocelyn E.
_98406
245 0 0 _aLewin's genes XII /
_cJocelyn E. Krebs, University of Alaska, Anchorage, Elliott S. Goldstein, Arizona State University, Stephen T. Kilpatrick, University of Pittsburgh at Johnstown.
264 4 _c2018.
_aBurlington, MA :
_bJones & Bartlett Learning,
300 _a837 pages :
_billustrations (chiefly color) ;
_c29 cm.
653 _aგენები
653 _aმედიცინა
653 _aგენეტიკური ფენომენი
700 1 _aGoldstein, Elliott S.,
_eავტორი
_98407
700 1 _aKilpatrick, Stephen T.,
_eავტორი
_98408
856 _uhttps://books.google.ge/books?id=pNdLDgAAQBAJ&printsec=frontcover&dq=9781284104493&hl=en&sa=X&ved=2ahUKEwixjqn-tIPqAhV8QxUIHbE5AMAQ6AEwAHoECAMQAg#v=onepage&q=9781284104493&f=false
_yელ. ვერსია pdf
942 _2udc
_cBK